|
|
|
|
| LEADER |
00000naa2a2200000 4500 |
| 001 |
617895 |
| 005 |
20231101133001.0 |
| 035 |
|
|
|a (RuTPU)RU\TPU\conf\16256
|
| 035 |
|
|
|a RU\TPU\conf\16255
|
| 090 |
|
|
|a 617895
|
| 100 |
|
|
|a 20160430d2014 k y0rusy50 ca
|
| 101 |
0 |
|
|a rus
|
| 102 |
|
|
|a RU
|
| 105 |
|
|
|a y z 101zy
|
| 135 |
|
|
|a dran ---uucaa
|
| 181 |
|
0 |
|a i
|
| 182 |
|
0 |
|a b
|
| 200 |
1 |
|
|a Фразеологическая коннотация в русском и китайском языках
|f Тянь Цзюнь
|
| 203 |
|
|
|a Текст
|c электронный
|
| 225 |
1 |
|
|a Социолингвистические и прагматические аспекты межкультурной коммуникации
|
| 230 |
|
|
|a 1 компьютерный файл (pdf; 132Кб)
|
| 300 |
|
|
|a Заглавие с титульного экрана
|
| 320 |
|
|
|a [Библиогр.: с. 108-109 (12 назв.)]
|
| 337 |
|
|
|a Adobe Reader
|
| 463 |
|
0 |
|0 (RuTPU)RU\TPU\conf\3316
|t Международное образование и межкультурная коммуникация: проблемы, поиски, решения
|o сборник трудов международной научно-практический конференции, г. Томск, 20-22 ноября 2013 г.
|f Национальный исследовательский Томский политехнический университет (ТПУ) ; под ред. И. В. Салосиной
|v [С. 104-109]
|d 2014
|
| 610 |
1 |
|
|a электронный ресурс
|
| 610 |
1 |
|
|a фразеологическая коннотация
|
| 610 |
1 |
|
|a русский язык
|
| 610 |
1 |
|
|a китайский язык
|
| 610 |
1 |
|
|a фразеологические единицы
|
| 610 |
1 |
|
|a лексика
|
| 700 |
|
0 |
|a Тянь Цзюнь
|
| 801 |
|
2 |
|a RU
|b 63413507
|c 20160430
|g RCR
|
| 856 |
4 |
|
|u http://www.lib.tpu.ru/fulltext/c/2014/C67/024.pdf
|
| 942 |
|
|
|c BK
|